GENERAL KNOWLEDGE OBJECTIVE TYPE (Record no. 6297)
[ view plain ]
| 000 -LEADER | |
|---|---|
| fixed length control field | 00292nam a22001217a 4500 |
| 082 ## - DEWEY DECIMAL CLASSIFICATION NUMBER | |
| Classification number | 001 |
| Item number | COM/G |
| 100 ## - MAIN ENTRY--AUTHOR NAME | |
| Personal name | COMPETITION REVIEW |
| 245 ## - TITLE STATEMENT | |
| Title | GENERAL KNOWLEDGE OBJECTIVE TYPE |
| 260 ## - PUBLICATION, DISTRIBUTION, ETC. (IMPRINT) | |
| Place of publication | DELHI |
| Name of publisher | COMPETITION REVIEW |
| Year of publication | 2009 |
| 300 ## - PHYSICAL DESCRIPTION | |
| Number of Pages | 512 |
| 650 ## - SUBJECT ADDED ENTRY--TOPICAL TERM | |
| Topical Term | GENERAL KNOWLEDGE |
| Geographic subdivision | INDIA |
| 942 ## - ADDED ENTRY ELEMENTS (KOHA) | |
| Koha item type | Books |
| Withdrawn status | Lost status | Collection code | Home library | Current library | Shelving location | Date acquired | Source of acquisition | Full call number | Accession Number | Koha item type |
|---|---|---|---|---|---|---|---|---|---|---|
| G.K | Main Library | Main Library | SHELF-17B-- G.K RELATED QUIZ BOOK | 02/05/2009 | purchase | 001 COM/G | 03520 | Books |